| 000 | 00464 a2200181 4500 | ||
|---|---|---|---|
| 003 | Nust | ||
| 005 | 20170207164335.0 | ||
| 020 | _a978-0-470-40775-2 | ||
| 040 | _cNust | ||
| 082 | _a621.382 | ||
| 100 | _aHaupt, Randy L. | ||
| 245 |
_aAntenna arrays (E BOOK) _ba computational approach _cRandy L. Haupt |
||
| 260 |
_aNew Jersey _bJohn Wiley & Sons _c2010 |
||
| 300 | _a545p | ||
| 538 | _aE Book | ||
| 650 | _aTelecommunication engineering. | ||
| 651 | _aAntenna arrays | ||
| 942 |
_2ddc _cBK |
||
| 999 |
_c208686 _d208686 |
||